=LDR 00000nam 2200000 4500 =001 INLIS000000000010803 =005 20161101121322.0 =006 =007 =008 Ind =035 ##$$0010-061300000010803 =041 ##$$a Ind =082 ##$$a 410 =090 ##$$a 410 Sug b =100 ##$$a Sugono, Dendy =245 ##$$a Berbahasa Indonesia dengan benar =260 ##$$a 1994 $b Jakarta =300 ##$$a ix,242 hlm, 21 cm =650 ##$$a Bahasa Indonesia =850 ##$$a NBPNMAT